Rodinné poľnohospodárske farmy a ekonomické podmienky ich rozvoja.
Výhodnosť hospodárenia rodinných fariem oproti nadmerne veľkým podnikom štátneho a družstevného charakteru potvrdená skúsenosťami susedných vyspelých krajín. Budúcnosť rodinnej farmy v podmienkach Slovenska. Modely rodinných fariem, ich disponibilná výrobná základňa.
Enregistré dans:
| Auteur principal: | |
|---|---|
| Format: | Chapitre de livre |
| Langue: | slovaque |
| Sujets: | |
| Tags: |
Pas de tags, Soyez le premier à ajouter un tag!
|
MARC
| LEADER | 00000naa a2200000 4500 | ||
|---|---|---|---|
| 001 | r002039 | ||
| 005 | 20230113115929.9 | ||
| 041 | 0 | |a slo | |
| 044 | |a [CS] | ||
| 245 | 1 | 0 | |a Rodinné poľnohospodárske farmy a ekonomické podmienky ich rozvoja. |c D. Mosny |
| 520 | |a Výhodnosť hospodárenia rodinných fariem oproti nadmerne veľkým podnikom štátneho a družstevného charakteru potvrdená skúsenosťami susedných vyspelých krajín. Budúcnosť rodinnej farmy v podmienkach Slovenska. Modely rodinných fariem, ich disponibilná výrobná základňa. | ||
| 610 | 2 | 0 | |a farmy |
| 610 | 2 | 0 | |a družstvá poľnohospodárske |
| 610 | 2 | 0 | |a majetky štátne |
| 610 | 2 | 0 | |a náklady vlastné |
| 610 | 2 | 0 | |a podnikanie súkromné |
| 610 | 2 | 0 | |a základňa výrobná |
| 610 | 2 | 0 | |a Slovensko |
| 100 | 1 | |a Mosny, D. | |